| 000 | 00506nam a22001817a 4500 | ||
|---|---|---|---|
| 005 | 20150417120137.0 | ||
| 010 | _aENG-112326 | ||
| 020 |
_a9789382536451 _c180.00 |
||
| 035 | _aEN-95858 | ||
| 037 | _bDBAD/PUB | ||
| 082 | _aN | ||
| 100 | _aHarpreet Kaur | ||
| 245 |
_aThe Rajput warrior / _cby Harpreet Kaur |
||
| 260 |
_aNew Delhi _bLiFi Publications _c2015 |
||
| 270 |
_a211, 2nd Floor, Gagandeep, 12 Rajendra Place _bNew Delhi _e110008 |
||
| 300 |
_a182p. _c22cm(pbk) |
||
| 942 |
_2ddc _cEN _mHAR _hN |
||
| 999 |
_c92092 _d92092 |
||